000 00787nac a22002417a 4500
001 BR8801872
003 BR-BrBNA
005 20240105120738.0
008 230509b bl.|||m| |||| 00| 0 por d
040 _aBR-BrBNA
_bpor
_cBiblioteca Nacional de Agricultura
072 _aS20
090 _aS20 BR8801872
110 1 _aInstituto de Desenvolvimento de Pernambuco, Recife (Brasil)
_96009
245 1 _aFornecimento de sulfato ferroso a gestantes
260 3 _aRecife, PE (Brasil):
_c1982.
300 _a23 p.
490 _aProjetos Socio-Economicos - Instituto de Desenvolvimento de Pernambuco (Brazil)
_vno. 2
_x
650 _aNUTRICAO HUMANA
650 _aALEITAMENTO
650 _aANEMIA NUTRICIONAL
909 _a202312
_bLúcia Elande
_c55
_dLúcia Elande
942 _2AGRIS
_n0
_cMS
999 _c281191
_d281191